000
00254nam a2200109Ia 4500
005
20251222153540.0
008
251222s9999||||xx |||||||||||||| ||spa||
082
_a
860C/P59
100
_a
"Pinkerton, Robert"
245
0
_a
Corazones del norte
942
_c
LIB
999
_c
30410
_d
30410